| 000 | 005570000a22002050004500 | ||
|---|---|---|---|
| 003 | LK-CoMWRAF | ||
| 005 | 20231020114109.0 | ||
| 008 | 230817t ||||| |||| 00| 0 eng d | ||
| 020 | _a1859741827 | ||
| 040 |
_aLK-CoMWRAF _dLK-CoMWRAF _eLK-CoMWRAF |
||
| 041 | _aeng | ||
| 082 |
_a676.22 _bRAM |
||
| 100 | _aRamsay, Angela | ||
| 245 | _aThe Handmade Paper Book | ||
| 260 |
_aLondon: _bNew Holland Publishers, _c1999 |
||
| 300 |
_a80 p. : col. ill. ; 26 cm. _bIndex included |
||
| 650 | _aPAPER, HANDMADE | ||
| 650 | _aPapermaking--History | ||
| 942 | _cBK | ||
| 999 |
_c2187 _d2187 |
||